000 00442nam a2200205Ia 4500
003 IT-RoPAU
008 120407s9999 xx 000 0 und d
040 _aIT-RoPAU
040 _cIT-RoPAU
041 _aita
100 _aMaurizio De Wulf
245 _aStoria della Filosofia Medievale (Voll. 2)
250 _aFirenze
260 _aFiorentina
260 _c1945
300 _c24 cm
490 _v1
942 _cBK
999 _c14084
_d14084